Mathematics for managerial and social sciences / (Record no. 153)

MARC details
000 -LEADER
fixed length control field 00449nam a22001457a 4500
008 - FIXED-LENGTH DATA ELEMENTS--GENERAL INFORMATION
fixed length control field 111004t xxu||||| |||| 00| 0 eng d
020 ## - INTERNATIONAL STANDARD BOOK NUMBER
International Standard Book Number 0871500965 9780871500960
050 ## - LIBRARY OF CONGRESS CALL NUMBER
Classification number QA37.2. H3
100 ## - MAIN ENTRY--PERSONAL NAME
Personal name Hart, William Le Roy.
245 ## - TITLE STATEMENT
Title Mathematics for managerial and social sciences /
Statement of responsibility, etc. William, Le Roy Hart.
260 ## - PUBLICATION, DISTRIBUTION, ETC.
Place of publication, distribution, etc. Boston,
Name of publisher, distributor, etc. Weber & Schmidt :
Date of publication, distribution, etc. 1970.
300 ## - PHYSICAL DESCRIPTION
Extent xiv, 319 p.:
Other physical details illus.
Dimensions 24 cm
650 ## - SUBJECT ADDED ENTRY--TOPICAL TERM
Topical term or geographic name entry element Mathematics
942 ## - ADDED ENTRY ELEMENTS (KOHA)
Source of classification or shelving scheme Library of Congress Classification
Koha item type Books
Holdings
Withdrawn status Lost status Source of classification or shelving scheme Damaged status Not for loan Home library Current library Shelving location Date acquired Total Checkouts Full call number Barcode Date last seen Copy number Price effective from Koha item type
    Library of Congress Classification     WISCONSIN INTERNATIONAL UNIVERSITY COLLEGE, GHANA - MAIN LIBRARY WISCONSIN INTERNATIONAL UNIVERSITY COLLEGE, GHANA - MAIN LIBRARY General Stacks 04/10/2011   QA37.2.H3 383/11 04/10/2011 1 04/10/2011 Books

If you have any concerns or questions; kindly contact the library


© Powered by WIUC ICT DIRECTORATE